LIBRARY & INFORMATION CENTRE, KCAET, TAVANUR

ONLINE PUBLIC ACCESS CATALOGUE (OPAC)

Normal view MARC view
  • Suresh, Vaidya

Entry Personal Name

Number of records used in: 1

001 - CONTROL NUMBER

  • control field: 7852

003 - CONTROL NUMBER IDENTIFIER

  • control field: OSt

005 - DATE AND TIME OF LATEST TRANSACTION

  • control field: 20260124144500.0

008 - FIXED-LENGTH DATA ELEMENTS

  • fixed length control field: 260124|| aca||aabn | a|a d

040 ## - CATALOGING SOURCE

  • Original cataloging agency: OSt
  • Transcribing agency: OSt

100 ## - HEADING--PERSONAL NAME

  • Personal name: Suresh, Vaidya

670 ## - SOURCE DATA FOUND

  • Source citation: Work cat.: (OSt)366: Randhawa, M S. 7849, Farmers of India, Vol 2 / , 1961.
free website counter